Tác động của một số chính sách vĩ mô đến quản lý và phát triển xã hội vùng Tây Nguyên /
Gardado en:
| Autor Principal: | |
|---|---|
| Formato: | Artigo |
| Idioma: | Vietnamese |
| Những chủ đề: | |
| Các nhãn: |
Engadir etiqueta
Sen Etiquetas, Sexa o primeiro en etiquetar este rexistro!
|
| Thư viện lưu trữ: | Thư viện Trường Đại học Đà Lạt |
|---|
| LEADER | 00855nam a2200277 4500 | ||
|---|---|---|---|
| 001 | DLU150171271 | ||
| 005 | ##20150917 | ||
| 040 | # | # | |a DLU |b vie |
| 041 | # | # | |a vie |
| 044 | # | # | |a vn |
| 100 | # | # | |a Bạch Hồng Việt. |
| 245 | # | # | |a Tác động của một số chính sách vĩ mô đến quản lý và phát triển xã hội vùng Tây Nguyên / |c Bạch Hồng Việt. |
| 653 | # | # | |a Đất đai |
| 653 | # | # | |a An sinh xã hội |
| 653 | # | # | |a Chính sách dân số |
| 653 | # | # | |a Tây Nguyên |
| 773 | # | # | |t Tạp chí Xã hội học |g Số 2(114), 2011, tr. 58-65 |
| 920 | # | # | |a Phòng Tạp chí -- Trung tâm Thông tin - Thư viện Trường Đại học Đà Lạt |
| 994 | # | # | |a DLU |
| 900 | # | # | |a True |
| 911 | # | # | |a Nguyễn Thị Mai Anh |
| 925 | # | # | |a G |
| 926 | # | # | |a A |
| 927 | # | # | |a BB |
| 980 | # | # | |a Thư viện Trường Đại học Đà Lạt |